Detalles MARC
| 000 -LÍDER |
| Campo fijo de descripción fija |
01837aam a2200301 i 4500 |
| 001 - NÚMERO DE CONTROL |
| Campo de control |
768714001 |
| 003 - IDENTIFICADOR DEL NÚMERO DE CONTROL |
| Campo de control |
CO-MdFUSB |
| 005 - FECHA Y HORA DE LA ULTIMA TRANSACCIÓN |
| control field |
20241019125223.0 |
| 007 - CAMPO FIJO DE DESCRIPCIÓN FIJA--INFORMACIÓN GENERAL |
| Campo fijo de descripción fija |
ta |
| 008 - ELEMENTOS DE LONGITUD FIJA -- INFORMACIÓN GENERAL |
| Campo fijo de descripción fija -- Información general |
170407t1993 -us |||| |||| 00| 0 eng d |
| 020 ## - NÚMERO INTERNACIONAL NORMALIZADO PARA LIBROS |
| Número Internacional Normalizado del libro |
0-8028-0138-2 |
| 040 ## - FUENTE DE CATALOGACIÓN |
| Agencia de catalogación original |
CO-MdFUSB |
| Idioma de catalogación |
spa |
| Agencia que realiza la transcripción |
CO-MdFUSB |
| Agencia que realiza la modificación |
CO-MdFUSBC |
| Convenciones de la descripción |
rda |
| 041 0# - CÓDIGO DE IDIOMA |
| Código de idioma para texto/pista de sonido o título separado |
eng |
| 082 04 - NÚMERO DE CLASIFICACIÓN DECIMAL DEWEY |
| Número de clasificación |
225.6 |
| Número de la edición del Dewey |
23 |
| Clave de autor-Numero de item |
S8257i |
| 100 1# - ASIENTO PRINCIPAL--NOMBRE PERSONAL |
| Nombre personal |
Stenger, Werner (1938-) |
| Término relacionador |
autor |
| 245 00 - TÍTULO |
| Título del Material |
Introduction to New Testament exegesis |
| Mención de responsabilidad, etc. |
/ Werner Stenger |
| 264 #4 - PRODUCCIÓN, PUBLICACIÓN, DISTRIBUCIÓN, MANUFACTURA, Y COPYRIGHT |
| Lugar de producción, publicación, distribución, manufactura |
Grand Rapids, MI., USA: |
| Nombre del productor, publicador, distribuidor |
Eerdmans, |
| Fecha de producción, publicación, distribución, manufactura, o copyright |
© 1993 |
| 300 ## - DESCRIPCIÓN FÍSICA |
| Extensión |
183 páginas |
| Dimensiones |
; 23 cm |
| 336 ## - TIPO DE CONTENIDO |
| Fuente |
rdacontent |
| Término de tipo de contenido |
texto |
| Código de tipo de contenido |
txt |
| 337 ## - TIPO DE MEDIO |
| Fuente |
rdamedia |
| Nombre del tipo de medio |
sin mediación |
| Código del tipo de medio |
n |
| 338 ## - TIPO DE SOPORTE |
| Fuente |
rdacarrier |
| Nombre del tipo de soporte |
volumen |
| Código Tipo de soporte |
nc |
| 505 ## - NOTA DE CONTENIDO |
| Información miscelánea |
Primera parte. |
| Título |
Fundamentos de la exégesis del Nuevo Testamento: <br/> |
| Nota de contenido con formato preestablecido |
El problema del texto original. -- Métodos exegéticos I: Primeras consideraciones. -- Métodos exegéticos II: La forma del texto. -- Métodos exegéticos III: Métodos diacrónicos. |
| Información miscelánea |
Segunda parte: |
| Título |
La exégesis del Nuevo Testamento en la práctica: |
| Nota de contenido con formato preestablecido |
Jesús llama a Leví y come con los publicanos (Mc 2,13-17; Mt 9,9-13; Lc 5,27-32). -- Los discípulos de Jesús recogen espigas en sábado (Marcos 2:23-28; Mateo 12:1-8). -- La tempestad en el mar I (Marcos 4:35-41). -- La tempestad en el mar II (Mt 8,18-27). -- El centurión de Capernaúm (Mt 8, 5-13; Lc 7, 1-10). -- La curación del hijo del oficial real (Juan 4:46c-54). -- Dos himnos cristológicos (Fil 2,6-11; 1 Tim 3,16). -- La genealogía de Jesús según Mateo (Mt 1,1-25). -- Las bienaventuranzas (y los ayes) (Mt 5,3-12; Lc 6,20-26). -- Crítica de la forma y el género de la carta de Pablo a Filemón<br/>Libros para ayudar al exegeta del Nuevo Testamento. |
| 563 ## - NOTA DE ENCUADERNACIÓN |
| Nota de encuadernación |
Rústico |
| 630 07 - TITULO UNIFORME |
| Título uniforme |
Biblia. |
| Nombre de parte o sección de la obra |
Nuevo Testamento |
| 942 ## - TIPO DE MATERIAL (KOHA) |
| Tipo de Item KOHA |
Libros General |
| 945 ## - INFORMACIÓN LOCAL DEL REGISTRO |
| Catalogador |
JTF-925 |